000 00303nam a22001337a 4500
008 171027b xxu||||| |||| 00| 0 eng d
020 _a0256023913
041 _aeng
080 _a336
100 _a55
101 _aMEN
245 _aPUBLIC FINANCE A NORMATIVE THEORY
_cTRESCH.R.W
942 _2udc
_cBK
999 _c36084
_d36084